000
00263 a2200133 4500
001
194779
040
_c
Magnum
100
_a
Azevedo, AluĂsio de
240
1
0
_a
O mulato
_l
por
245
1
0
_a
O mulato
300
_a
294
697
_a
LITERATURA GERAL
942
_c
BK
999
_c
194779
_d
194779